000 00622nam a22001697a 4500
003 OSt
005 20171010095529.0
008 121005t xxu||||| |||| 00| 0 eng d
040 _aMMSU
_cULS
100 _aAcierto, Jaymer P., et al.
_913133
245 _aConcrete mix design of Pamplona river aggregates as structural concrete using aci mix design method
_cJaymer P. Acierto, et al.
260 _c2008
300 _axi, [73] leaves
_c28 cm.
500 _aThesis (BS Civil Engineering) -- Mariano Marcos State University-College of Engineering, Batac City
504 _aBibliography: leaf 30
942 _2ddc
_cTHEDIS
999 _c9812
_d9812